[Event "World Senior chT-50 2019"]
[Site "Rhodes"]
[Date "2019.04.17"]
[Round "2.6"]
[White "Llanos, Guillermo"]
[Black "Petursson, Margeir"]
[Result "0-1"]
[WhiteElo "2293"]
[BlackElo "2492"]
[Annotator "TA"]
[PlyCount "120"]
[EventDate "2019.04.16"]
[EventType "team-tourn"]
[EventCountry "GRE"]
[SourceTitle "playchess.com"]
[Source "ChessBase"]
[SourceQuality "1"]
[WhiteTeam "Argentina"]
[BlackTeam "Iceland"]
[WhiteTeamCountry "ARG"]
[BlackTeamCountry "ISL"]

{[%evp 11,120,-31,-3,-52,-32,-41,-33,-46,-4,-54,-55,-83,-62,-72,-70,-74,-81,-114,-95,-125,-116,-137,-106,-152,-127,-116,-118,-121,-98,-280,-270,-266,-280,-273,-277,-280,-267,-284,-260,-280,-266,-238,-154,-222,-193,-364,-364,-365,-369,-360,-359,-362,-366,-406,-406,-389,-316,-394,-381,-395,-390,-414,-408,-418,-414,-408,-404,-409,-367,-495,-482,-556,-484,-485,-483,-488,-484,-534,-500,-676,-647,-571,-520,-528,-525,-2821,-2412,-5669,-5489,-1958,-1714,-5089,-4867,-4898,-3333,-29977,-29978,-29977,-29979,-29980,-29981,-29980,-29981,-29980,-29982,-29983,-29984,-29992,-29989,-29992,-29993]} 1. g3 c5 2. Bg2 Nc6 3. e4 g6 4. Ne2 Bg7 5. c3 e5 6. Na3 Nge7 7. Nc2 {B20: Sicilian: Unusual White 2nd moves} (7. Nc4 d5 8. exd5 Nxd5 9. d3 O-O 10. O-O Bf5 11. Re1 Nb6 12. Nxb6 axb6 13. Be4 Be6 14. Be3 Qd6 {0-1 (48) Romanov,E (2636)-Cuenca Jimenez,J (2478) Llucmajor 2017}) 7... d5 8. exd5 Nxd5 9. O-O {Black is slightly better.} Nde7 10. d3 $146 ({Predecessor:} 10. b3 Bf5 11. Ba3 Qa5 12. b4 Qa6 13. b5 Qxb5 14. Ne3 Bd3 {0-1 (23) Cipolli,A (2191)-Tsuboi,E (2423) Americana 2009}) 10... Bf5 11. Be4 Qd7 12. Be3 b6 13. b4 cxb4 14. cxb4 {b5 would now be nice for White.} Rd8 15. b5 {[#]} Na5 $1 16. Rb1 h5 17. Nc3 Bh3 18. Re1 f5 19. Bh1 Qxd3 20. Nd5 $2 (20. Qxd3 $17 Rxd3 21. Nd1) 20... Rxd5 $1 $19 21. Bxd5 Qxd5 22. Qxd5 Nxd5 23. Bd4 Nc4 24. Rbd1 Kf7 25. Ba1 Nf6 26. Nb4 Bh6 {[#] Hoping for ...Bg4.} 27. Nc6 (27. Bxe5 $17 Nxe5 28. Rxe5) 27... Bg4 28. Rd8 $2 (28. Nd8+ {was worth a try.} Kg7 29. Rd3) 28... Rxd8 29. Nxd8+ Ke8 30. Nc6 Bd2 31. Rb1 Nd7 32. Nxa7 Nc5 33. Nc6 Na3 34. Rf1 Be2 35. Nxe5 g5 36. Bb2 Bxf1 37. Kxf1 Nxb5 38. Nc4 Ba5 39. f3 Kf7 40. Ke2 Ke6 41. h3 Na4 42. Bc1 Nd4+ 43. Kf2 Kf6 44. Nxa5 bxa5 45. g4 Nc5 46. Bd2 Nc6 47. gxh5 f4 48. h4 gxh4 49. Kg2 Kg5 50. h6 Kxh6 51. Bxf4+ Kh5 52. Bd6 Nd3 53. Kh3 a4 {Black mates.} 54. Kg2 Nd4 55. Be7 Ne1+ 56. Kf2 h3 57. Bd6 Nexf3 58. a3 Kg4 59. Bf8 Ne6 60. Be7 Nf4 {Accuracy: White = 34%, Black = 84%.} 0-1

[Event "World Senior chT-50 2019"]
[Site "Rhodes"]
[Date "2019.04.17"]
[Round "2.7"]
[White "Arnason, Jon L"]
[Black "Grushka, Carlos"]
[Result "1-0"]
[WhiteElo "2423"]
[BlackElo "2251"]
[Annotator "NA RC"]
[PlyCount "55"]
[EventDate "2019.04.16"]
[EventType "team-tourn"]
[EventCountry "GRE"]
[SourceTitle "playchess.com"]
[Source "ChessBase"]
[SourceQuality "1"]
[WhiteTeam "Iceland"]
[BlackTeam "Argentina"]
[WhiteTeamCountry "ISL"]
[BlackTeamCountry "ARG"]
[TimeControl "40/5400+30:1800+30"]

1. e4 {[%emt 0:00:00]} e6 {[%emt 0:00:00]} 2. d4 {[%emt 0:00:00]} d5 {[%emt 0:00:00]} 3. Nd2 {[%emt 0:00:42]} Nf6 {[%emt 0:00:20]} 4. e5 {[%emt 0:00:14]} Nfd7 {[%emt 0:00:06]} 5. Ne2 {[%emt 0:01:17]} c5 {[%emt 0:00:19]} 6. c3 {[%emt 0:00:05]} Nc6 {[%emt 0:00:19]} 7. Nf3 {[%emt 0:00:12]} b5 {[%emt 0:06:43]} 8. a3 {[%emt 0:04:40] C11: French: Classical System: 4 e5 and 4 Bg5 dxe4} a5 {[%emt 0:00:13]} 9. Nf4 {[%emt 0:01:25]} Qb6 {[%emt 0:02:09]} (9... b4 10. axb4 cxb4 11. h4 h6 12. Bd3 Ba6 13. Nxe6 fxe6 14. Bg6+ Ke7 15. Ng5 hxg5 16. Bxg5+ {1-0 (35) Dominguez Perez,L (2739)-Meier,G (2628) chess.com INT 2018}) 10. Be3 {[%emt 0:09:13]} cxd4 {[%emt 0:05:28]} 11. cxd4 {[%emt 0:04:34]} Be7 $146 {[%emt 0:01:14]} ({Predecessor:} 11... b4 12. a4 Ba6 13. b3 Bxf1 14. Kxf1 Be7 15. h4 O-O-O {½-½ (69) Boidman,Y (2432)-Meyer,S (2150) Wiesbaden 2001}) 12. h4 {[%emt 0:03:06]} h6 {[%emt 0:08:24]} 13. Bd3 {[%emt 0:07:06]} b4 {[%emt 0:01:52]} 14. a4 {[%emt 0:12:43]} Ba6 {[%emt 0:01:37]} 15. O-O {[%emt 0:01:35]} g5 {[%emt 0:06:53]} 16. hxg5 {[%emt 0:02:08]} hxg5 {[%emt 0:00:52]} 17. Ne2 {[%emt 0:00:05]} Rg8 {[%emt 0:03:25]} 18. Rc1 {[%emt 0:03:39]} f5 {[%emt 0:05:45]} 19. exf6 {[%emt 0:02:10]} Bxf6 {[%emt 0:00:51]} 20. Ne5 {[%emt 0:02:47]} Bxe5 {[%emt 0:05:11]} 21. dxe5 {[%emt 0:00:06]} Qb7 {[%emt 0:00:21]} 22. Nd4 {[%emt 0:04:47]} Bxd3 {[%emt 0:11:53]} (22... Nxd4 $142 23. Qh5+ (23. Bxd4 Bxd3 24. Qxd3 Rg7 $18) 23... Kf8) 23. Rxc6 {[%emt 0:02:08]} Bf5 {[%emt 0:09:33]} 24. Qh5+ {[%emt 0:01:48]} Kf8 {[%emt 0:03:29]} 25. Rfc1 {[%emt 0:01:40]} Nxe5 {[%emt 0:01:11]} 26. Rc7 {[%emt 0:00:30]} Qb8 {[%emt 0:02:08]} 27. Nxe6+ {[%emt 0:00:14]} Bxe6 {[%emt 0:00:17]} 28. Bc5# {[%emt 0:00:55]} 1-0

[Event "World Senior chT-50 2019"]
[Site "Rhodes"]
[Date "2019.04.17"]
[Round "2.8"]
[White "Perez Wertheim, Rodolfo"]
[Black "Thorhallsson, Throstur"]
[Result "0-1"]
[WhiteElo "1914"]
[BlackElo "2425"]
[Annotator "TA"]
[PlyCount "130"]
[EventDate "2019.04.16"]
[EventType "team-tourn"]
[EventCountry "GRE"]
[SourceTitle "playchess.com"]
[Source "ChessBase"]
[SourceQuality "1"]
[WhiteTeam "Argentina"]
[BlackTeam "Iceland"]
[WhiteTeamCountry "ARG"]
[BlackTeamCountry "ISL"]

{[%evp 13,130,-7,-2,-16,-11,-8,0,-20,8,0,18,-26,-25,-54,-34,-35,-12,-35,-6,-56,-65,-68,-37,-86,-76,-83,-81,-66,-61,-57,-53,-50,-57,-56,-50,-50,-54,-39,-43,-44,-47,-58,-62,-64,-60,-61,-56,-67,-60,-52,-50,-65,-42,-58,-45,-59,-23,-25,-25,-31,-30,-31,-13,-27,-26,-63,-63,-140,-119,-166,-164,-167,-165,-128,-150,-181,-177,-180,0,0,0,-160,-10,-19,-10,-29,-29,-29,0,0,0,-115,0,-276,-276,-276,-273,-6100,-5732,-6136,-6136,-6136,-6136,-6129,-6121,-6114,-6114,-6107,-6100,-6085,-6078,-6039,-6030,-5645,-5608,-5085,-2443,-1383,-1314]} 1. d4 Nf6 2. Nf3 d5 3. Bf4 g6 4. e3 Bg7 5. Bd3 O-O 6. Nbd2 c5 7. c3 Nc6 8. O-O {D02: 1 d4 d5 2 Nf3 sidelines, including 2...Nf6 3 g3 and 2...Nf6 3 Bf4} (8. h3 Nd7 9. O-O e5 10. dxe5 Ndxe5 11. Be2 Nxf3+ {½-½ (11) Jojua,D (2575)-Mchedlishvili,M (2601) Tbilisi 2017}) 8... Nh5 {Threatening ...cxd4.} 9. Bg5 ({Reject} 9. dxc5 e5 $17) 9... Qb6 10. Rb1 {The position is equal.} h6 $146 ({Predecessor:} 10... f6 11. Bh4 cxd4 12. Nxd4 Nxd4 13. cxd4 Bh8 14. Nb3 e5 15. Be2 exd4 16. Bxh5 gxh5 17. Nxd4 {½-½ (59) Tevzadze,M (1895)-Gorozhankina,J (2069) Batumi 2010}) 11. Bh4 a5 12. dxc5 Qxc5 13. e4 Be6 14. Nb3 Qd6 15. Re1 Rad8 16. e5 (16. Bb5 {keeps more tension.} Qc7 17. Bxc6 dxe4 18. Nfd4 Bxb3 19. Qxb3 bxc6 20. Rxe4 g5 21. Bg3) 16... Nxe5 17. Nxe5 Bxe5 18. Bxe7 Bxh2+ 19. Kh1 Qxe7 20. Kxh2 Qg5 21. Nd4 Nf4 {[%csl Gf4][%cal Rg5g2]} 22. Bf1 Bf5 23. Nxf5 Qxf5 24. Qf3 Rfe8 25. g3 Qh5+ 26. Qxh5 Nxh5 27. Red1 Nf6 28. Kg2 Kf8 29. f3 g5 30. Bb5 Re6 31. Rd4 Rc8 32. Rbd1 Rb6 33. a4 Rc7 34. g4 Re6 35. Kf2 Kg7 36. R4d2 Rc8 37. Rd4 Rh8 38. Rh1 Re5 39. Be2 h5 40. f4 ({White should play} 40. gxh5 $15 Nxh5 41. Bb5) 40... Ne4+ $1 $17 41. Kg2 gxf4 {White must now prevent ...Ng3.} 42. Rxh5 Rhxh5 43. gxh5 {[#]} Nxc3 $1 {[%mdl 576] Discovered Attack} 44. bxc3 Rxe2+ $19 {[%mdl 4096] Endgame KR-KR} 45. Kf3 {[#]} Re3+ $2 (45... Re4 $1 $19 {And now ...Rxd4 would win.} 46. Rxd5 (46. Rxe4 dxe4+) 46... Rxa4) 46. Kxf4 $11 Rxc3 47. Kg5 $2 (47. Rxd5 $11 Rc4+ 48. Kg5) 47... b6 ({Better is} 47... Rc5 $1 $17 {...b6 is the strong threat.} 48. h6+ Kh7) 48. Rxd5 Rc5 49. Rf5 f6+ 50. Kg4 Rc4+ 51. Rf4 Rb4 {Hoping for ...Kh6.} 52. Kg3 {[#]} (52. Kf5 $11) 52... Kh6 (52... f5 $1 $17 {[%mdl 512]} 53. Kf3 (53. Rxf5 Rxa4) 53... Kf6) 53. Rxf6+ $2 {[%mdl 8192]} (53. Kg4 $1 $11 {and White is okay.}) 53... Kxh5 $19 54. Kf3 Kg5 ({Stronger than} 54... Rxa4 55. Rxb6 Kh4 56. Ke3 $11) 55. Rc6 $2 (55. Rf8) 55... Kf5 {Black is clearly winning.} 56. Ke3 Ke5 57. Kd3 {[#]} Kd5 $1 {[%cal Rd5c6]} 58. Rh6 {[#]} Kc5 $1 59. Rh5+ Kc6 60. Rh6+ Kb7 61. Kc3 Rxa4 62. Kb3 Rg4 63. Rh7+ Ka6 64. Rh6 a4+ 65. Ka3 Ka5 {Accuracy: White = 40%, Black = 60%.} 0-1

[Event "World Senior chT-50 2019"]
[Site "Rhodes"]
[Date "2019.04.17"]
[Round "2.9"]
[White "Yrjola, Jouni"]
[Black "Speelman, Jon S"]
[Result "1/2-1/2"]
[WhiteElo "2327"]
[BlackElo "2509"]
[Annotator "TA"]
[PlyCount "35"]
[EventDate "2019.04.16"]
[EventType "team-tourn"]
[EventCountry "GRE"]
[SourceTitle "playchess.com"]
[Source "ChessBase"]
[SourceQuality "1"]
[WhiteTeam "Finland"]
[BlackTeam "England"]
[WhiteTeamCountry "FIN"]
[BlackTeamCountry "ENG"]

{[%evp 9,35,31,26,21,14,20,16,4,5,1,6,2,11,12,15,1,12,12,15,12,22,0,0,0,6,-6,0,-14]} 1. d4 e6 2. c4 b6 3. e4 Bb4+ 4. Bd2 Bxd2+ 5. Qxd2 d5 6. cxd5 {C01: French: Exchange Variation} exd5 {The position is equal.} 7. exd5 (7. e5 Ne7 8. f4 O-O 9. Nf3 c5 10. Nc3 Nbc6 11. dxc5 bxc5 {1-0 (50) Duda,J (2738)-Meier,G (2623) chess.com INT 2019}) 7... Ne7 8. Bb5+ Nd7 9. d6 (9. Nc3 {seems wilder.} O-O 10. d6 cxd6 11. Nge2 Nf6 12. O-O) 9... cxd6 10. Ne2 O-O 11. Nbc3 $146 ({Predecessor:} 11. O-O) 11... Nf6 12. O-O Bb7 13. Ng3 a6 14. Bd3 b5 15. Nge4 Ned5 16. Nxd5 Bxd5 17. Rfe1 Re8 {[%cal Rd5e4]} 18. Qf4 {Accuracy: White = 52%, Black = 67%.} 1/2-1/2

[Event "World Senior chT-50 2019"]
[Site "Rhodes"]
[Date "2019.04.17"]
[Round "2.10"]
[White "Arkell, Keith C"]
[Black "Viljava, Tapani"]
[Result "1-0"]
[WhiteElo "2467"]
[BlackElo "2159"]
[Annotator "TA"]
[PlyCount "60"]
[EventDate "2019.04.16"]
[EventType "team-tourn"]
[EventCountry "GRE"]
[SourceTitle "playchess.com"]
[Source "ChessBase"]
[SourceQuality "1"]
[WhiteTeam "England"]
[BlackTeam "Finland"]
[WhiteTeamCountry "ENG"]
[BlackTeamCountry "FIN"]

{[%evp 13,60,16,22,15,14,22,41,-6,0,-10,0,-20,-23,-14,-13,-23,-22,-50,-11,-13,-12,-13,77,0,97,99,97,90,94,81,87,89,84,81,83,83,156,151,155,135,139,99,104,85,187,157,162,162,267]} 1. d4 Nf6 2. Nf3 e6 3. c4 b6 4. g3 Bb7 5. Bg2 Bb4+ 6. Bd2 Be7 7. Nc3 c6 8. Bf4 {E16: Queen's Indian: 4 g3 Bb7 5 Bg2 Bb4+} d5 9. cxd5 cxd5 10. Bxb8 $146 {White is slightly better.} (10. Nb5 $5 {[%cal Rb5c7]} Na6 11. Rc1 $14) ({Predecessor:} 10. Nb5 Na6 11. O-O O-O 12. Rc1 Ne4 13. h4 Nd6 14. a4 Nc4 15. Ne5 Na5 16. Bh3 Qe8 17. h5 Nc6 18. h6 g5 19. e4 dxe4 20. Nxc6 Bxc6 21. Bxg5 Bxg5 {½-½ (66) Bacrot,E (2717)-Ivanchuk,V (2729) Morelia/Linares 2006}) 10... Qxb8 11. Qa4+ Kf8 12. Ne5 g6 13. Rc1 Kg7 14. O-O Rc8 15. Rc2 Qd6 16. Rfc1 a6 17. Qb3 Ne4 (17... Bd8 $11 {remains equal.}) 18. Nxe4 (18. Bxe4 $1 $16 {aiming for Bf3.} f6 19. Bg2 fxe5 20. dxe5 Qxe5 21. Qxb6) 18... dxe4 (18... Rxc2 $1 $11 {keeps the balance.} 19. Nxd6 (19. Qxc2 dxe4 20. Nc6 Rc8 $11) 19... Rxc1+ 20. Bf1 Bxd6) 19. Rxc8 $1 $16 Rxc8 20. Rxc8 Bxc8 {[#]} 21. e3 $1 f5 {[#]} 22. Nc4 $1 {[%cal Rc4d6]} Qd5 23. Qc3 Qd8 {[#]} 24. Nxb6 $1 {[%mdl 512]} Bb7 ({Black should play} 24... Qxb6 25. Qxc8 a5) 25. Na4 Bd5 26. b3 a5 27. Nc5 Qb6 28. a3 {[%cal Ba2a3,Ba3b4][%mdl 32]} Kf7 (28... Qd6 $16 {might work better.}) 29. b4 axb4 30. axb4 e5 {Accuracy: White = 57%, Black = 48%.} (30... g5 $142 31. Bf1 h5) 1-0

[Event "World Senior chT-50 2019"]
[Site "Rhodes"]
[Date "2019.04.17"]
[Round "2.11"]
[White "Salonen, Jyrki"]
[Black "Emms, John M"]
[Result "1-0"]
[WhiteElo "2162"]
[BlackElo "2474"]
[Annotator "TA"]
[PlyCount "101"]
[EventDate "2019.04.16"]
[EventType "team-tourn"]
[EventCountry "GRE"]
[SourceTitle "playchess.com"]
[Source "ChessBase"]
[SourceQuality "1"]
[WhiteTeam "Finland"]
[BlackTeam "England"]
[WhiteTeamCountry "FIN"]
[BlackTeamCountry "ENG"]

{[%evp 9,101,-4,31,11,52,49,55,28,33,10,17,7,17,0,27,22,119,116,142,153,126,87,84,84,87,13,15,6,121,109,113,113,106,108,110,103,141,129,163,159,161,160,177,170,197,191,223,204,277,277,292,292,295,270,393,333,383,327,382,383,497,492,494,486,469,437,422,297,272,0,670,391,374,329,564,555,555,487,518,524,674,649,833,811,1258,1196,1262,1227,1227,1222,6179,5616,2050,593]} 1. d4 Nf6 2. c4 g6 3. Nc3 d5 4. Nf3 Bg7 5. h4 h5 (5... c6 6. cxd5 cxd5 7. Bf4 O-O 8. e3 Nc6 9. Qb3 Na5 10. Qa3 Nc6 11. Qb3 Na5 12. Qa3 Nc6 {½-½ (34) Swiercz,D (2655)-Nepomniachtchi,I (2771) Astana 2019}) 6. Bg5 {D90: Grünfeld: 4 Nf3 Bg7 sidelines} c6 7. e3 Be6 $146 ({Predecessor:} 7... O-O 8. Qb3 e6 9. Be2 Nbd7 10. O-O dxc4 11. Bxc4 b5 12. Be2 Qb6 {1-0 (43) Santiago,Y (2507)-Goncalves,J (1982) Ponta Grossa 2017}) 8. Qb3 {White is slightly better.} (8. cxd5 {with more complications.} Nxd5 9. e4 Nb6 10. Qd2 Bg4 11. O-O-O) 8... Qb6 9. c5 Qxb3 10. axb3 Nbd7 11. b4 a6 12. b5 {Strongly threatening bxc6.} cxb5 {[#]} (12... O-O $11) 13. Bxb5 $1 $16 {[%mdl 512]} Rd8 (13... axb5 14. Rxa8+) 14. Ba4 Ne4 15. Nxe4 dxe4 16. Nd2 Bd5 17. Bb3 (17. O-O $16) 17... Bxb3 $11 18. Nxb3 Bf6 (18... Rc8 $11 {keeps the balance.}) 19. Nd2 Bxg5 20. hxg5 f5 21. gxf6 Nxf6 22. Nc4 $36 {[%mdl 2048] White is in control.} O-O 23. Ne5 Kg7 24. Ra3 Nd7 25. Nxd7 Rxd7 $18 {[%mdl 4096] Endgame KRR-KRR} 26. Rh4 Rf5 27. Rxe4 Rg5 28. g3 Kf6 29. Rb3 Kf7 30. Rb6 Rf5 31. Ree6 Rg5 (31... Rf6 $142 32. Rxf6+ exf6) 32. Ke2 Rc7 33. Re4 Rf5 34. Rf4 Rxf4 35. exf4 {KR-KR} ({Less strong is} 35. gxf4 e6 $18) 35... e6 36. b4 Ke7 37. Kd3 Rd7 38. Ke4 Kf7 39. Kd3 $2 {[#]} (39. Ke3 $18) 39... Kf6 $2 {[%mdl 8192]} (39... Ke7 $11 40. Ke3 Kf7) 40. Kc4 Kf5 41. Rd6 Rg7 $2 (41... Re7 {is a better defense.} 42. Kd3 Rg7) 42. Kd3 {White is clearly winning.} Re7 43. Ke3 Rc7 44. Rd8 Kf6 45. Ke4 Re7 46. Rd6 Kg7 47. Ke5 Kf7 48. Rb6 Rd7 49. Rxe6 Rxd4 50. Rf6+ Ke7 51. Rb6 {Accuracy: White = 64%, Black = 19%.} (51. Kxd4 $142 Kxf6 52. Kd5) 1-0

[Event "World Senior chT-50 2019"]
[Site "Rhodes"]
[Date "2019.04.17"]
[Round "2.12"]
[White "Ward, Chris G"]
[Black "Fieandt, John"]
[Result "0-1"]
[WhiteElo "2425"]
[BlackElo "2151"]
[Annotator "TA"]
[PlyCount "56"]
[EventDate "2019.04.16"]
[EventType "team-tourn"]
[EventCountry "GRE"]
[SourceTitle "playchess.com"]
[Source "ChessBase"]
[SourceQuality "1"]
[WhiteTeam "England"]
[BlackTeam "Finland"]
[WhiteTeamCountry "ENG"]
[BlackTeamCountry "FIN"]

{[%evp 17,56,0,2,0,8,11,6,-5,-8,-54,-55,-57,-46,-44,-59,-50,-50,-54,-45,-106,-111,-139,-147,-166,-113,-103,-109,-135,-110,-272,-266,-661,-377,-833,-833,-1106,-966,-966,-956,-4886,-2612]} 1. e4 c5 2. Ne2 g6 3. d4 cxd4 4. Nxd4 Nc6 5. Nc3 Bg7 6. Nde2 Nf6 7. g3 b5 8. Bg2 Rb8 9. O-O O-O 10. a3 {B34: Sicilian: Accelerated Dragon with 5 Nc3: sidelines} (10. h3 a5 11. a3 d6 12. Be3 Nd7 13. Rb1 b4 14. axb4 axb4 15. Nd5 Ba6 16. Re1 e6 17. Ndf4 Qc7 18. Qd2 Nce5 19. b3 Rfc8 {1-0 (58) Caruana,F (2808)-Vachier Lagrave,M (2796) Stavanger 2017}) 10... d6 11. Nd5 a5 12. Ra2 $146 {The position is equal.} ({Predecessor:} 12. h3 Nd7 13. f4 Nb6 14. c3 b4 15. axb4 axb4 16. Nd4 Bd7 17. Nxc6 Bxc6 18. Nxb4 Bb5 19. Re1 Nc4 20. Qc2 Qb6+ {0-1 (53) Tzemanakis,N (1432)-Kasioumis,V (1739) Porto Rio 2015}) 12... b4 13. axb4 Nxd5 14. exd5 Nxb4 15. Ra3 Bf5 16. c3 $1 {[%cal Rc3b4]} Nd3 17. g4 Nxc1 18. Nxc1 (18. gxf5 $15 Nxe2+ 19. Qxe2) 18... Bd7 $17 19. Ra2 Qb6 20. h3 Bb5 (20... e5 $19 21. Re1 f5) 21. Re1 Bc4 22. Ra4 Rfc8 23. Rxe7 $2 (23. Re4 $17 Ba6 24. Ra2) 23... Qxb2 $19 24. Rxa5 $2 (24. Bf1 Bxf1 25. Qxf1) 24... Bxc3 25. Raa7 $2 (25. Ra4) 25... Bd4 {[%mdl 64] [#] Double Attack. Black is clearly winning.} 26. Rxf7 Bxa7 27. Rxa7 Rf8 28. Nd3 Bxd3 {Accuracy: White = 24%, Black = 89%.} 0-1

[Event "World Senior chT-50 2019"]
[Site "Rhodes"]
[Date "2019.04.17"]
[Round "2.13"]
[White "Soffer, Ram"]
[Black "Lewis, Andrew P"]
[Result "1/2-1/2"]
[WhiteElo "2486"]
[BlackElo "2347"]
[Annotator "TA"]
[PlyCount "155"]
[EventDate "2019.04.16"]
[EventType "team-tourn"]
[EventCountry "GRE"]
[SourceTitle "playchess.com"]
[Source "ChessBase"]
[SourceQuality "1"]
[WhiteTeam "Israel"]
[BlackTeam "England"]
[WhiteTeamCountry "ISR"]
[BlackTeamCountry "ENG"]

{[%evp 18,155,52,50,62,70,75,86,79,52,52,48,54,52,71,62,93,93,93,93,93,93,93,93,127,93,93,54,93,75,98,85,96,64,95,95,95,95,95,95,95,95,95,95,94,94,87,79,79,79,73,73,73,73,73,73,73,73,87,54,54,54,55,49,84,89,123,123,123,123,123,123,123,123,123,123,123,123,123,123,123,123,123,123,123,123,123,123,123,120,120,120,120,120,120,120,120,120,120,120,120,120,120,120,120,120,120,120,120,120,120,120,120,120,120,120,120,120,120,120,105,105,105,105,112,75,76,75,75,82,89,89,84,47,81,0,114,0,76,0]} 1. Nf3 Nf6 2. c4 g6 3. Nc3 Bg7 4. e4 d6 5. d4 O-O 6. Be2 e5 7. Be3 c6 8. d5 Ng4 9. Bg5 f6 10. Bh4 h5 {E92: King's Indian: Classical: 6 Be2 e5: 7 dxe5, 7 Be3 and Petrosian System without 7...Nbd7} 11. Nd2 a5 (11... Nh6 12. f3 Nf7 13. b4 a5 14. bxa5 Qxa5 15. Qc2 c5 16. O-O Nd7 17. Nb3 Qd8 18. a4 {½-½ (40) Sakaev,K (2584)-Guseinov,G (2664) St Petersburg 2018}) 12. h3 Nh6 13. g4 g5 14. Bg3 h4 15. Bh2 Re8 $146 ({Predecessor:} 15... Rf7 16. Nf1 Na6 17. Ne3 Nc5 18. b3 {1-0 (60) Kiselev,S (2545)-Radzhabov,S (2245) Moscow 1996}) 16. Nf1 c5 17. Ne3 Nd7 18. Bg1 Nf8 19. f3 Ng6 20. Rh2 Bf8 21. Bf1 Bd7 22. b3 {[%cal Bb2b3,Bb3a4][%mdl 32]} Be7 23. Rb2 Qb8 24. Qc2 (24. a4 {keeps more tension.} Nf4 25. Rh2 Kh7 26. Qd2 Bf8 27. O-O-O) 24... Bd8 25. Na4 Bxa4 26. bxa4 Qc8 27. Rb5 Re7 28. Qb3 Ra7 29. O-O-O Nf4 30. Kb1 Ra6 31. Rd2 b6 32. Rb2 Qd7 33. a3 Re8 34. Ka2 Bc7 35. Qc2 Kf7 36. Bf2 Rea8 37. Be1 Kg8 38. Qb1 Qd8 39. Bd2 Ng6 40. Nf5 Nxf5 41. exf5 Nh8 42. Bc3 Nf7 43. Bd3 Kg7 44. Be4 R8a7 45. Qe1 Ra8 46. Rg2 Qe7 47. Rbb2 Rh8 48. Rbe2 Qd7 49. Bc2 Raa8 50. Re4 Rae8 51. Qb1 Kf8 52. Rge2 {[%cal Bg2e2,Be2e3,Be3b3,Bb3b5][%mdl 32]} Rh6 53. Bd2 Ra8 54. Qe1 Bd8 55. Be3 Ra7 56. Bf2 Kg7 57. R2e3 Rh7 58. Qb1 Rh8 59. Rb3 Ra6 60. Be1 Bc7 61. Rb5 Rh6 62. Bc3 Qd8 63. Re3 Rh8 64. Be4 Rh6 65. Re2 Rh8 66. Rbb2 Qd7 67. Bd3 Rh6 68. Qd1 Rh8 69. Re4 Rh6 70. Rbe2 Bd8 71. Bc2 Ra7 72. Qh1 Rh8 73. Qf1 Rh6 74. Qe1 Rh8 75. Qb1 Rh6 76. Qe1 Rh8 77. Qb1 Rh6 $1 78. Qe1 {Accuracy: White = 72%, Black = 55%.} ({White should play} 78. Qb5 $16) 1/2-1/2

[Event "World Senior chT-50 2019"]
[Site "Rhodes"]
[Date "2019.04.17"]
[Round "2.14"]
[White "Frostick, Clive A"]
[Black "Manor, Ilan"]
[Result "0-1"]
[WhiteElo "2121"]
[BlackElo "2461"]
[Annotator "TA"]
[PlyCount "84"]
[EventDate "2019.04.16"]
[EventType "team-tourn"]
[EventCountry "GRE"]
[SourceTitle "playchess.com"]
[Source "ChessBase"]
[SourceQuality "1"]
[WhiteTeam "England"]
[BlackTeam "Israel"]
[WhiteTeamCountry "ENG"]
[BlackTeamCountry "ISR"]

{[%evp 22,84,16,7,37,39,108,111,118,101,104,83,137,138,150,116,196,91,116,91,130,59,122,125,125,54,67,44,41,29,54,43,43,0,0,-2,0,0,34,10,22,0,17,0,41,0,10,0,17,0,0,0,0,0,0,0,0,-122,-113,-512,-509,-488,-491,-604,-592]} 1. e4 c5 2. Nf3 e6 3. d4 cxd4 4. Nxd4 Nc6 5. Nc3 Qc7 6. g3 a6 7. Bg2 Nf6 8. O-O Bc5 9. Nxc6 dxc6 10. Na4 Ba7 11. c4 Nd7 12. b4 b5 {B47: Sicilian: Taimanov: 5 Nc3 Qc7 6 f4, 6 g3 and 6 Be2} (12... O-O 13. c5 a5 14. a3 b6 15. cxb6 Nxb6 16. Nc5 Nd7 17. Be3 Nxc5 18. bxc5 e5 19. Qc2 Be6 20. Rfd1 {1-0 (38) Smirin,I (2618)-Jurcik,M (2474) Skopje 2019}) 13. Nb2 a5 (13... O-O $14) 14. cxb5 $16 cxb5 {White is better.} 15. Bd2 Bd4 16. Rc1 Qa7 {[#]} (16... Qb8 $142) 17. Nd3 $1 O-O 18. bxa5 Rd8 $146 {[#]} (18... e5 $16) ({Predecessor:} 18... Ba6 19. Bb4 Rfc8 20. Qd2 {½-½ (50) Schaefer,A (2155)-Bojkovic,N (2425) Germany 1996}) 19. Bb4 (19. e5 $1 $18 {and White stays clearly on top.}) 19... e5 20. Qe2 Nb8 21. Nc5 (21. Rfd1 $16 {Strongly threatening Nxe5!} Bd7 22. Bc5 Qxa5 23. Bxd4 exd4 24. e5) 21... Na6 ({Black should play} 21... Nc6 $14 22. a3 (22. Qxb5 Nxb4 23. Qxb4 Qxa5 $11) 22... Nxa5) 22. Nxa6 ({Wrong is} 22. Qxb5 $2 Rb8 $19) 22... Qxa6 23. Rfd1 (23. Rc7 $16) 23... Be6 $14 24. Bf1 Bc4 25. Qf3 Rac8 26. a3 Rc6 27. Be1 Rf6 28. Qg4 h6 29. Rd2 Rc8 30. Rdc2 (30. a4 $5 Be6 31. Qd1 $14) 30... Rfc6 31. Qd1 Rd8 {White must now prevent ...Bxf2+!} 32. Qg4 Rg6 33. Qf3 {[%cal Rf1c4]} Rf6 34. Qg4 {[%cal Rf1c4]} Qa7 35. Bxc4 bxc4 36. Qe2 ({But not} 36. Rxc4 $2 Bxf2+ 37. Kh1 Bxe1 $19) 36... c3 $1 $36 {[%mdl 2048] Black has the initiative.} 37. Bxc3 Bxf2+ 38. Kg2 Bd4 {And now ...Rf2+ would win.} 39. Qc4 {[#]} (39. Qd3 $11 {remains equal.}) 39... Qa8 $1 $17 {[%mdl 1536] Black has strong compensation.} 40. Re1 $2 {[%mdl 8192]} (40. Bxd4 $17 {is a better chance.} Qxe4+ 41. Kg1 exd4 42. Re2) 40... Rc6 $19 {Black is clearly winning.} 41. Qb3 Rdc8 42. Rec1 Rc4 {Accuracy: White = 25%, Black = 43%.} 0-1